Top 10 des plus gros groupes de restauration en France - Statistiques

Statistiques générales
  • Ce quiz a été pris 1 959 fois
  • Le résultat moyen est 4 sur 10
Statistiques - réponses
Hint Réponse % Correct
2 Groupe Bertrand (Burger King, Au Bureau, Quick, Hippopotamus, etc.)
96%
1 McDonald's
81%
5 Yum! (KFC, Pizza Hut)
81%
3 Agapes (Flunch, 3 Brasseurs, O’Sushi, etc.)
49%
7 Buffalo Grill
44%
6 Groupe Le Duff (Brioche Dorée, Del Arte, Tablapizza, etc.)
30%
8 Holder (Paul, Ladurée)
26%
9 Marie Blachère
13%
4 Areas
4%
10 Newrest
4%
Aucun quiz correspondant
Distribution des résultats
% des personnes avec chaque résultat
Percentile par nombre de réponses
Votre historique - résultats
Vous n’avez pas pris ce quiz